Daily Slovenian - Statistics

General Stats
  • This quiz has been taken 4 times
  • The average score is 14 of 80
Answer Stats
Hint Answer % Correct
Evet Ja
100%
Ne? Kaj
100%
Nasıl? Kako
100%
İle Z
100%
Hayır Ne
67%
Lütfen Prosim
67%
Sen Ti
67%
Saat Ura
67%
İçine V
67%
Sen/Siz Vi
67%
İçin Za
67%
Neden Zakaj
67%
Tünaydın Dober dan
33%
Günaydın Dobro jutro
33%
Teşekkür ederim Hvala
33%
Hangi? Kdo
33%
Nerede? Kje
33%
Biz Mi
33%
Soğuk Mrzlo
33%
Hiçbir şey Nič
33%
den Od
33%
Onlar Oni
33%
Doğru Pravilno
33%
Boş Prazno
33%
Perde Zavese
33%
Merhaba Živjo
33%
Görüşürüz Adijo
0%
Başım ağrıyor Boli me glava
0%
Olmadan Brez
0%
Bugün Danes
0%
Bu gece Danes zvečer
0%
Ara (internet) Deskati po spletu
0%
İyi akşamlar Dober večer
0%
İyi, teşekkürler Dobro, hvala
0%
Uzun Dolgo
0%
Kız Hči
0%
Gürültülü Hrupno
0%
Ben Jaz
0%
Yarın Jutri
0%
Günaydın Jutro
0%
Ne dedin? Kaj ste rekli
0%
Bu ne anlama geliyor? Kaj to pomeni
0%
Ne kadar zaman? Kako dolgo
0%
Nasıl söylenir Kako se reče
0%
Nasılsın? Kako ste
0%
Adın ne? Kako ti je ime?
0%
Ne zaman? Kdaj
0%
Nerede yaşıyorsun Kje živiš?
0%
Yakında Kmalu
0%
Ne kadar Koliko
0%
Saat kaç? Koliko je ura
0%
Çöp sepeti Koš za smeti
0%
Kısa Kratko
0%
İyi geceler Lahko noč
0%
Biraz Malo
0%
Benim adım Moje ime je
0%
Anlamadım Ne razumem
0%
Asla Nikoli
0%
İçinde Notri
0%
Saat kaçta? Ob kateri uri
0%
Baba Oče
0%
Battaniye Odeja
0%
Nerelisin Od kod ste?
0%
Üzgünüm, duyamadım Oprosti, nisem te slišal
0%
Ya sen? Pa vi?
0%
Altında Pod
0%
Dolu Polno
0%
Geceyarısı Polnoč
0%
Öğleden sonra Popoldne
0%
Sonra Pozneje
0%
Anladın mı? Razumete
0%
Tekrar Še enkrat
0%
Yarın görüşürüz Se vidimo jutro
0%
Dün gece Sinoči
0%
Midem bulanıyor Slabo mi je
0%
Dün Včeray
0%
Sıcak Vroče
0%
Yastık Vzglavnik
0%
Ne kadar suredir? Za kako dolgo
0%
Sonra Zatem
0%
No matching quizzes found
Score Distribution
Percent of People with Each Score
Percentile by Number Answered
Your Score History
You have not taken this quiz